Best NBA Players without an NBA Championship - Statistics

General Stats
  • This quiz has been taken 27 times
    13 since last reset
  • The average score is 15 of 40
Answer Stats
Years Played Answer % Correct
1984-2003 John Stockton
91%
1985-2004 Karl Malone
91%
1996-2009 Allen Iverson
82%
2009-Present James Harden
82%
2008-Present Russell Westbrook
82%
2003-2021 Carmelo Anthony
73%
1984-2000 Charles Barkley
73%
2005-Present Chris Paul
73%
1985-2002 Patrick Ewing
64%
2010-Present Paul George
64%
1987-2005 Reggie Miller
64%
1996-2015 Steve Nash
64%
1958-1971 Elgin Baylor
45%
2014-Present Joel Embiid
45%
1990-2003 Shawn Kemp
45%
1997-2012 Tracy McGrady
45%
1982-1999 Dominique Wilkins
36%
1973-1986 George Gervin
36%
2018-Present Luka Doncic
36%
1998-2020 Vince Carter
36%
1976-1990 Adrian Dantley
27%
1976-1990 Alex English
27%
1986-2001 Chris Mullin
27%
2008-2025 Derrick Rose
27%
1972-1988 Artis Gilmore
18%
1993-2007 Chris Webber
18%
1991-2009 Dikembe Mutombo
18%
1993-2013 Grant Hill
18%
1987-2000 Kevin Johnson
18%
1991-2001 Larry Johnson
18%
1981-1998 Tom Chambers
18%
1977-1993 Bernard King
9%
1971-1984 Bob Lanier
9%
2012-Present Damian Lillard
9%
1970-1984 Dan Issel
9%
1966-1978 Dave Bing
9%
2010-2022 DeMarcus Cousins
9%
1972-1984 Paul Westphal
9%
1970-1980 Pete Maravich
9%
1980-1991 Sidney Moncrief
9%
No matching quizzes found
Score Distribution
Percent of People with Each Score
Percentile by Number Answered
Your Score History
You have not taken this quiz since the last reset